Logo Biblioteca

Odiseas marcianas / (Registro nro. 1069)

Detalles MARC
000 -LEADER
fixed length control field 01727nam a22002897a 4500
003 - CONTROL NUMBER IDENTIFIER
control field AR-RoUNCS
005 - DATE AND TIME OF LATEST TRANSACTION
control field 20260630160038.0
007 - PHYSICAL DESCRIPTION FIXED FIELD--GENERAL INFORMATION
fixed length control field ta
008 - FIXED-LENGTH DATA ELEMENTS--GENERAL INFORMATION
fixed length control field 260630s2013 ag a||||r|||| 00| 1 spa d
020 ## - INTERNATIONAL STANDARD BOOK NUMBER
International Standard Book Number 9789870605690
040 ## - CATALOGING SOURCE
Original cataloging agency AR-RoUNCS
Language of cataloging spa
Transcribing agency AR-RoUNCS
041 1# - LANGUAGE CODE
Language code of text/sound track or separate title spa
Language code of original eng
100 ## - MAIN ENTRY--PERSONAL NAME
Personal name Weinbaum, Stanley G.
Relator term autor
245 10 - TITLE STATEMENT
Title Odiseas marcianas /
Statement of responsibility, etc. Stanley Weinbaum ; ilustraciones Gonzalo Ruggieri.
250 ## - EDITION STATEMENT
Edition statement 1a ed.
260 ## - PUBLICATION, DISTRIBUTION, ETC.
Place of publication, distribution, etc. Ciudad de Buenos Aires :
Name of publisher, distributor, etc. Aique,
Date of publication, distribution, etc. i2013.
300 ## - PHYSICAL DESCRIPTION
Extent 140 p. :
Other physical details il. ;
Dimensions 21 cm.
490 0# - SERIES STATEMENT
Series statement Latramaquetrama
505 ## - FORMATTED CONTENTS NOTE
Title Las odiseas de Weinbaum, un viaje espacial a la ciencia ficción.
505 ## - FORMATTED CONTENTS NOTE
Title Odiseas marcianas: Una odisea marciana. El valle de los sueños.
505 ## - FORMATTED CONTENTS NOTE
Title Las actividades de Latramaquetrama.
520 ## - SUMMARY, ETC.
Summary, etc. La acción transcurre en el planeta Marte, donde una expedición de astronautas humanos desarrolla una misión de exploración. Uno de los astronautas, Dick Jarvis, se encuentra con un marciano parecido a un avestruz, Tweel, a quien salva de un inminente peligro y con quien entabla una extraña pero profunda amistad, mientras van encontrándose con los diferentes seres vivos que pueblan las llanuras marcianas: los “pastos caminantes”, los “come-arena” constructores de pirámides, los peligrosos “barriles suicidas”, el “duendecillo lector” de los rascacielos de cristal, los engañosos habitantes del valle donde los sueños cobran realidad…<br/><br/>Weinbaum fue el primero que creó extraterrestres que tenían sus propias razones para existir.
650 #7 - SUBJECT ADDED ENTRY--TOPICAL TERM
Source of heading or term embne
Topical term or geographic name entry element Literatura norteamericana
655 #7 - INDEX TERM--GENRE/FORM
Source of term embne
Genre/form data or focus term Cuentos de ciencia ficción
700 1# - ADDED ENTRY--PERSONAL NAME
Personal name Ruggieri, Gonzalo
Relator term ilustrador
942 ## - ADDED ENTRY ELEMENTS (KOHA)
Source of classification or shelving scheme Universal Decimal Classification
Koha item type Obra General
Suppress in OPAC No
Existencias
Withdrawn status Lost status Source of classification or shelving scheme Damaged status Not for loan Collection Home library Current library Date acquired Total checkouts Full call number Barcode Date last seen Price effective from Koha item type
    Universal Decimal Classification     Colección General Biblioteca Escuela de Ciencias Sociales Biblioteca Escuela de Ciencias Sociales 30/06/2026   82-34(73) W423 001545 30/06/2026 30/06/2026 Obra General
Biblioteca de la Escuela Preuniversitaria en Ciencias Sociales y Humanísticas.
Riobamba 250 bis.
CP 2000 - Rosario - Santa Fe
E-Mail: biblioteca@esociales.unr.edu.ar